Bài tập cơ học lượng tử
Trình bày những vấn đề về toán tử, chuyển động một chiều, giao động tử điều hoà, trường thế xuyên tâm và nguyên tử hiđro, spin và momen xung lượng, nhiễu loạn, trường lượng tử không tương tác...
שמור ב:
| מחבר ראשי: | |
|---|---|
| פורמט: | ספר |
| שפה: | Vietnamese |
| יצא לאור: |
Hà Nội
Đại học Sư phạm
2007
|
| מהדורה: | Tái bản lần thứ 1 |
| נושאים: | |
| תגים: |
הוספת תג
אין תגיות, היה/י הראשונ/ה לתייג את הרשומה!
|
| Thư viện lưu trữ: | Trung tâm Học liệu Lê Vũ Hùng, Trường Đại học Đồng Tháp |
|---|
| LEADER | 01156pam a22002538a 4500 | ||
|---|---|---|---|
| 001 | 00044467 | ||
| 005 | 20190730140702.0 | ||
| 008 | 110812s2010 ||||||viesd | ||
| 020 | # | # | |c 37000 |
| 041 | 0 | # | |a vie |
| 082 | 1 | 4 | |a 530.12 |b B103T |
| 100 | 1 | # | |a Vũ Văn Hùng |
| 245 | 1 | 0 | |a Bài tập cơ học lượng tử |c Vũ Văn Hùng |
| 250 | # | # | |a Tái bản lần thứ 1 |
| 260 | # | # | |a Hà Nội |b Đại học Sư phạm |c 2007 |
| 300 | # | # | |a 225 tr. |b hình vẽ |c 24 cm. |
| 504 | # | # | |a Thư mục : tr.225 |
| 520 | 3 | # | |a Trình bày những vấn đề về toán tử, chuyển động một chiều, giao động tử điều hoà, trường thế xuyên tâm và nguyên tử hiđro, spin và momen xung lượng, nhiễu loạn, trường lượng tử không tương tác |
| 650 | # | 4 | |a Bài tập |
| 650 | # | 4 | |a Cơ học lượng tử |
| 650 | # | 4 | |a Giáo trình |
| 852 | # | # | |j KD.0026107 |j KM.0031193 |j KM.0031194 |j KM.0031195 |j KM.0031196 |j KM.0031197 |
| 910 | # | # | |d 30/7/2019 |
| 980 | # | # | |a Trung tâm Học liệu Lê Vũ Hùng, Trường Đại học Đồng Tháp |